Grammatica della lingua grieca / (Record no. 51029)

MARC details
000 -LEADER
campo de control de longitud fija 00618nam a2200193 i 4500
001 - NÚMERO DE CONTROL
campo de control 51029
003 - IDENTIFICADOR DE NÚMERO DE CONTROL
campo de control ES-MaACL
005 - FECHA Y HORA DE LA ÚLTIMA TRANSACCIÓN
campo de control 20230906162300.0
007 - CAMPO FIJO DE DESCRIPCIÓN FÍSICA--INFORMACIÓN GENERAL
campo de control de longitud fija t|
008 - DATOS DE LONGITUD FIJA--INFORMACIÓN GENERAL
campo de control de longitud fija 030808s1926 it ||||1| ita d
100 1# - ENTRADA PRINCIPAL--NOMBRE DE PERSONA
Nombre de persona Curtius, Georg.
9 (RLIN) 42252
245 10 - MENCIÓN DEL TÍTULO
Título Grammatica della lingua grieca /
Mención de responsabilidad, etc. di Georg Curtius ; recata in italiano da Giuseppe Mieller.
250 ## - MENCION DE EDICION
Mención de edición sedicesima edizione ridevula e correlta dal Angelo Taccone.
260 ## - PUBLICACIÓN, DISTRIBUCIÓN, ETC.
Lugar de publicación, distribución, etc. Torino :
Nombre del editor, distribuidor, etc. [s.n.,
Fecha de publicación, distribución, etc. 1926] (
Fabricante Vincenzo Bona)
300 ## - DESCRIPCIÓN FÍSICA
Extensión XVI, 404 p.
700 1# - ENTRADA AGREGADA--NOMBRE PERSONAL
Nombre de persona Mieller, Giuseppe.
9 (RLIN) 80966
700 1# - ENTRADA AGREGADA--NOMBRE PERSONAL
Nombre de persona Taccone, Angelo.
9 (RLIN) 109049
852 ## - LOCALIZACIÓN
Ubicación ES-MaACL
Número de control de estantería F-57
Holdings
Estatus retirado Estado de pérdida Estado de daño No para préstamo Biblioteca de origen Biblioteca actual Ubicación en estantería Fecha de adquisición Fuente de adquisición Total de préstamos Signatura topográfica completa Código de barras Visto por última vez Precio de reemplazo Tipo de ítem Koha
        Biblioteca del Ateneo de Madrid Biblioteca del Ateneo de Madrid Depósito 2 17/01/2008     F-57 1053663 23/02/2023 23/02/2023 Libro impreso